LEADER 00858nam0-2200277 --450 001 9910486553103321 005 20210708084131.0 010 $a978-88-575-6833-1 100 $a20210708d2020----kmuy0itay5050 ba 101 0 $aita$cita 102 $aIT 105 $ay 001yy 200 1 $a<>dramma dell'esistenza mancata$edell'essere sé stessi e della falsificazione$esaggio su Ibsen$fFranco Di Giorgi 210 $aMilano$aUdine$cMimesis$d2020 215 $a312 p.$d21 cm 225 1 $aMimesis. Filosofie$v684 610 0 $aIbsen, Henrik 676 $a839.8226$v21$zita 700 1$aDi Giorgi,$bFranco$f<1954- >$0813900 801 0$aIT$bUNINA$gREICAT$2UNIMARC 901 $aBK 912 $a9910486553103321 952 $aCOLLEZ. 2351 (684)$b930/2021$fFSPBC 959 $aFSPBC 996 $aDramma dell'esistenza mancata$91818361 997 $aUNINA